|
|
|
|
| LEADER |
01442naa a2200361 i 4500 |
| 001 |
acta62029 |
| 005 |
20230613084001.0 |
| 008 |
190726s2019 hu o 1|| hun d |
| 024 |
7 |
|
|a 10.14232/tnpr.2019.po18
|2 doi
|
| 040 |
|
|
|a SZTE Egyetemi Kiadványok Repozitórium
|b hun
|
| 041 |
|
|
|a hun
|
| 100 |
1 |
|
|a Stefkó Dóra
|
| 245 |
1 |
0 |
|a Mono- and diphenanthrenes with antiproliferative activity from Juncus gerardii
|h [elektronikus dokumentum] :
|b [abstract] /
|c Stefkó Dóra
|
| 260 |
|
|
|a Phytochemical Society of Europe ; University of Szeged
|b Leicester ; Szeged
|c 2019
|
| 300 |
|
|
|a 100
|
| 490 |
0 |
|
|a Trends in Natural Product Research – PSE Young Scientists’ Meeting
|
| 650 |
|
4 |
|a Természettudományok
|
| 650 |
|
4 |
|a Kémiai tudományok
|
| 650 |
|
4 |
|a Orvos- és egészségtudomány
|
| 650 |
|
4 |
|a Általános orvostudomány
|
| 695 |
|
|
|a Növénykémia - természetes anyagok - előadáskivonat, Gyógyszertan - előadáskivonat
|
| 700 |
0 |
1 |
|a Barta Anita
|e aut
|
| 700 |
0 |
1 |
|a Kúsz Norbert
|e aut
|
| 700 |
0 |
1 |
|a Csorba Attila
|e aut
|
| 700 |
0 |
1 |
|a Kele Zoltán
|e aut
|
| 700 |
0 |
1 |
|a Bakacsy László
|e aut
|
| 700 |
0 |
1 |
|a Szepesi Ágnes
|e aut
|
| 700 |
0 |
1 |
|a Bérdi Péter
|e aut
|
| 700 |
0 |
1 |
|a Zupkó István
|e aut
|
| 700 |
0 |
1 |
|a Hohmann Judit
|e aut
|
| 700 |
0 |
1 |
|a Vasas Andrea
|e aut
|
| 711 |
|
|
|a Trends in Natural Product Research
|c Budapest
|d 2019. június 19-21.
|
| 856 |
4 |
0 |
|u http://acta.bibl.u-szeged.hu/62029/1/ysm_2019_100.pdf
|z Dokumentum-elérés
|